Curse you, Periplus the Platypus!

John Lawrence, Eric Mukherjee, Will Alston, Stephen Liu


Beliefs1017.00100%60%10%
Fine Arts - Classical Music and Opera920.00100%78%22%
Fine Arts - Other Fine Arts721.43100%86%29%
Fine Arts - Visual Fine Arts618.33100%67%17%
Geography412.50100%0%25%
History - European History922.22100%89%33%
History - Other History323.33100%100%33%
History - US History1118.1891%73%18%
History - World History1119.09100%82%9%
Literature - American Literature821.25100%88%25%
Literature - British Literature717.14100%71%0%
Literature - European Literature917.78100%56%22%
Literature - World Literature520.00100%80%20%
Modern World110.000%100%0%
Other Academic512.00100%20%0%
Philosophy922.22100%78%44%
Science - Biology920.0089%78%33%
Science - Chemistry714.2971%71%0%
Science - Earth Science110.00100%0%0%
Science - Other Science77.1443%29%0%
Science - Physics616.67100%67%0%
Social Science616.67100%67%0%